| 000 | 00485nam a2200205Ia 4500 | ||
|---|---|---|---|
| 003 | OSt | ||
| 005 | 20251210102309.0 | ||
| 008 | 210210b1996 xxu||||| |||| 00| 0 eng d | ||
| 020 | _a1857280962 | ||
| 040 | _cAL | ||
| 041 | _aeng | ||
| 082 | _a809 MILL | ||
| 100 |
_aAndrew Milner _9248601 |
||
| 245 | _aLiterature culture and society | ||
| 260 |
_aLondon _bUCL Press _c1996 |
||
| 300 | _avii,232p | ||
| 690 |
_aEnglish Literature _9248606 |
||
| 906 | _a067161 | ||
| 942 |
_2ddc _cBK |
||
| 999 |
_c149499 _d149499 |
||